Sanat - "Joululaulu (Hiljaa leijaa maahan hiutaleet" - Suvi Teräsniska - Statistics

Yleistilastot
  • Tätä visaa on pelattu 4 kertaa
  • Keskiarvotulos 51 / 91
Vastaustilastot
Vastaus % Oikein
Hiljaa
100%
hiljaa
100%
hiutaleet
100%
joulu
100%
joulu
100%
joulu
100%
joulu
100%
leijaa
100%
maahan
100%
ja
75%
ja
75%
joulun
75%
kimmeltäen
75%
kynttilöiden
75%
lämpöinen
75%
lämpöinen
75%
lämpöinen
75%
loistaa
75%
luovat
75%
matkallaan
75%
ne
75%
ois
75%
ois
75%
ois
75%
pienilläkin
75%
pienilläkin
75%
pienilläkin
75%
suurilla
75%
suurilla
75%
suurilla
75%
tunnelmaa
75%
valot
75%
että
50%
että
50%
että
50%
hanki
50%
hanki
50%
hohtaa
50%
hohtaa
50%
huoneeseen
50%
joulupukki
50%
joulupukki
50%
kiireet
50%
kiireet
50%
kun
50%
kun
50%
kuusi
50%
lentämään
50%
Niin
50%
niin
50%
niin
50%
nyt
50%
on
50%
perheen
50%
pienin
50%
pois
50%
pois
50%
porot
50%
porot
50%
rauhaa
50%
rauhaa
50%
saa
50%
saako
50%
selvittää
50%
toivon
50%
toivon
50%
toivon
50%
tuotu
50%
unohtuvat
50%
unohtuvat
50%
valkoisin
50%
valkoisin
50%
aikoo
25%
ei
25%
Kas
25%
kuiskata
25%
laittaa
25%
lapset
25%
latvaan
25%
noin
25%
onhan
25%
saadakaan
25%
sädehtien
25%
silmät
25%
tähti
25%
taida
25%
tuikkimaan
25%
unta
25%
vain
25%
valjaisiin
25%
vihdoinkin
25%
Ehtoja vastaavia visoja ei löytynyt
Tulosjakauma
Jokaisen tuloksen saaneiden osuus
Persentiili vastausten määrän mukaan
Tuloshistoriasi
Et ole pelannut tätä visaa